000 00453nam a2200181Ia 4500
001 23175
005 20260414150920.0
008 260414t2000||||xx |||||||||||||| ||spa||
041 _aESP
082 _a625.7
_bS29
100 _aSchoon, John G.
_eAUT
245 0 _aGeometric design projects for highways :
_ban introduction
260 _c2000
300 _axiv, 152 páginas :
_c28 cm.
650 _a0
654 _aCIC
942 _cLIB
_dJUS
_fJUS
_2ddc
_n
999 _c23175
_d23175